000 00558nam a2200193Ia 4500
005 20250326141708.0
008 250326s9999 xx 000 0 und d
020 _a0-13-551110-0
037 _aTextbook
040 _aFMSL
_beng
_cFMSL
041 _aeng
_2eng
084 _aX:87 M7
_qFMSL
100 _aGrose V L
_9744919
245 0 _aManaging risk: systematic loss prevention for executives
_cGrose V L
260 _aNew Jersey
_bNew Jersey, Prentice Hall
_c1987
300 _axii,404
942 _cTB
_hX:87 M7
999 _c1291534
_d1291534